| 000 | 00696nam a2200241 i 4500 | ||
|---|---|---|---|
| 001 | 12532 | ||
| 003 | ES-MaACL | ||
| 005 | 20230906150333.0 | ||
| 007 | t| | ||
| 008 | 941013s1993 sp b |||| | spa j | ||
| 020 | _a84-7738-039-2 | ||
| 080 | _a914.60 | ||
| 245 | 0 | 0 |
_aTrabajos prácticos de geografía humana / _cConsuelo del Canto Fresno ... [et al.]. |
| 250 | _a1ª reimp. | ||
| 260 |
_aMadrid : _bSíntesis, _c1993. |
||
| 300 |
_a440 p : _bmap. ; _c22 cm. |
||
| 500 | _aEn el lomo: 2. | ||
| 500 | _aÍndices. | ||
| 504 | _aBibliografía: p. 429-432. | ||
| 651 | 4 |
_aEspaña- _xGeografía humana. _98204 |
|
| 700 | 1 |
_aCanto Fresno, Consuelo del. _934674 |
|
| 852 |
_aES-MaACL _jL-19877 |
||
| 999 |
_c12532 _d12532 |
||